| Tag |
First Indicator |
Second Indicator |
Subfields |
| LEADER |
00000cam a2200000 i 4500 |
| 001 |
in00000057149 |
| 005 |
20151008051444.0 |
| 008 |
800506s1948 enk 00011 eng d |
| 035 |
|
|
|a (OCoLC)06288705
|
| 035 |
|
|
|9 AAG8014AM
|
| 040 |
|
|
|a TXA
|c TXA
|d UtOrBLW
|
| 049 |
|
|
|a TXAS
|c [1102664]
|
| 090 |
|
|
|a PZ3.G8994
|b Pu
|
| 100 |
1 |
|
|a Groom, Arthur John Pelham.
|
| 245 |
1 |
4 |
|a The purple twilight /
|c by Pelham Groom.
|
| 264 |
|
1 |
|a London :
|b T. Werner Laurie,
|c 1948.
|
| 300 |
|
|
|a 281 pages ;
|c 19 cm.
|
| 336 |
|
|
|a text
|b txt
|2 rdacontent
|
| 337 |
|
|
|a unmediated
|b n
|2 rdamedia
|
| 338 |
|
|
|a volume
|b nc
|2 rdacarrier
|
| 504 |
|
|
|a Includes bibliography.
|
| 999 |
|
|
|a MARS
|
| 999 |
f |
f |
|s 9414ca97-c3af-3160-8c87-9855bdf54601
|i 018a031f-4d0a-3b84-9cc0-adcbd09acc31
|t 0
|
| 952 |
f |
f |
|p noncirc
|a Texas A&M University
|b College Station
|c Cushing Memorial Library & Archives
|d Cushing: Science Fiction (Does not check out)
|t 0
|e PZ3.G8994 Pu
|h Library of Congress classification
|i unmediated -- volume
|m A14800414125
|
| 998 |
f |
f |
|a PZ3.G8994 Pu
|t 0
|l Cushing: Science Fiction (Does not check out)
|